LEADER 01492nam0 2200337 i 450 001 TO01065858 005 20251003044409.0 010 $a8823806895 100 $a20030128d2001 ||||0itac50 ba 101 | $aita 102 $ait 181 1$6z01$ai $bxxxe 182 1$6z01$ay 200 1 $aDirigere e governare le amministrazioni pubbliche$eeconomicitą, controllo e valutazione dei risultati$fMario Del Vecchio 210 $aMilano$cEGEA$d2001 215 $a230 p.$d24 cm. 225 | $aBiblioteca dell'economia d'azienda 410 0$1001CFI0128567$12001 $aBiblioteca dell'economia d'azienda 606 $aEnti locali$xGestione$2FIR$3CFIC039531$9E 676 $a352.0004750945$9$v20 676 $a352.3$9Amministrazione publica. Direzione$v14 686 $aHJ 9497$c$2C 700 1$aDel Vecchio$b, Mario$f <1958- >$3CFIV229518$4070$0149241 801 3$aIT$bIT-000000$c20030128 850 $aIT-BN0095 901 $bNAP 01$cPOZZO LIB.$nVi sono collocati fondi di economia, periodici di ingegneria e scienze, periodici di economia e statistica e altri fondi comprendenti documenti di economia pervenuti in dono. 912 $aTO01065858 950 0$aBiblioteca Centralizzata di Ateneo$c1 v.$d 01POZZO LIB.ECON MON 522$e 0101 0000057655E VMA 1 v. precedente collocazione sez. DASES B 0286$fB $h20090417$i20090417 977 $a 01 996 $aDirigere e governare le amministrazioni pubbliche$968234 997 $aUNISANNIO